Piłkarze AC Milanu - nagła śmierć - Statystyki

Ogólne statystyki
  • Ten quiz został rozwiązany 212 razy
  • Średni wynik to 7 z 10
Answers on the Grid
Answers color-coded by a green-red scale on the quiz's grid according to % correct below.
Rafael Leao
M. Maignan
F. Tomori
T. Hernandes
D. Calabria
R. Loftus-Cheek
C. Pulisic
L. Jović
J. Felix
I. Bennacer
P. Zieliński
O. Giroud
L. Modrić
F. Wirtz
J. Yeboah
Luuk de Jong
 
Statystyki odpowiedzi
Odpowiedź % Poprawnych
Rafael Leao
95%
M. Maignan
83%
F. Tomori
78%
C. Pulisic
76%
T. Hernandes
74%
R. Loftus-Cheek
73%
D. Calabria
67%
J. Felix
61%
I. Bennacer
56%
L. Jović
54%
Nie znaleziono quizów pasujących do podanych kryteriów
Rozkład punktacji
Procent ludzi z każdym wynikiem
Percentyl według liczby udzielonych odpowiedzi
Twoja historia wyników
Nie rozwiązałeś tego quizu